[Event "World Chess Olympiad 2018"]
[Site "Batumi"]
[Date "2018.10.04"]
[Round "10"]
[Board "2"]
[WhiteFideId "1118358"]
[White "Wojtaszek Radoslaw"]
[BlackFideId "8603820"]
[Black "Yu Yangyi"]
[Result "1/2-1/2"]
[LiveChessVersion "1.4.8"]
[BlackElo "2765"]
[WhiteElo "2727"]

1. d4 {[%clk 1:30:57]} d5 {[%clk 1:30:52]} 2. c4 {[%clk 1:31:20]} c6
{[%clk 1:31:17]} 3. Nf3 {[%clk 1:31:45]} Nf6 {[%clk 1:31:37]} 4. e3
{[%clk 1:32:11]} Bg4 {[%clk 1:30:38]} 5. Qb3 {[%clk 1:32:30]} Qb6
{[%clk 1:28:04]} 6. Ne5 {[%clk 1:32:53]} Be6 {[%clk 1:23:04]} 7. Nc3
{[%clk 1:33:16]} Nbd7 {[%clk 1:22:06]} 8. Nxd7 {[%clk 1:26:52]} Bxd7
{[%clk 1:20:50]} 9. cxd5 {[%clk 1:15:48]} Nxd5 {[%clk 1:08:33]} 10. Bc4
{[%clk 1:09:48]} Qxb3 {[%clk 1:06:32]} 11. Bxb3 {[%clk 1:10:12]} e6
{[%clk 1:03:49]} 12. Ne4 {[%clk 1:06:36]} Be7 {[%clk 0:58:36]} 13. Bd2
{[%clk 1:05:38]} b6 {[%clk 0:57:56]} 14. Rc1 {[%clk 1:04:56]} O-O
{[%clk 0:58:00]} 15. Ke2 {[%clk 0:59:37]} Rac8 {[%clk 0:57:10]} 16. f3
{[%clk 0:55:22]} Rfd8 {[%clk 0:56:29]} 17. Rhd1 {[%clk 0:54:03]} Kf8
{[%clk 0:46:09]} 18. Nf2 {[%clk 0:40:30]} c5 {[%clk 0:41:37]} 19. dxc5
{[%clk 0:40:54]} Rxc5 {[%clk 0:39:00]} 20. Rxc5 {[%clk 0:40:14]} Bxc5
{[%clk 0:36:42]} 21. Rc1 {[%clk 0:40:26]} Bb4 {[%clk 0:29:16]} 22. Nd3
{[%clk 0:33:01]} Bb5 {[%clk 0:27:14]} 23. Bc4 {[%clk 0:33:26]} Bxd2
{[%clk 0:27:31]} 24. Kxd2 {[%clk 0:33:51]} Bxc4 {[%clk 0:27:23]} 25. Rxc4
{[%clk 0:34:17]} Ke8 {[%clk 0:27:31]} 26. a4 {[%clk 0:27:01]} Ne7
{[%clk 0:22:34]} 27. e4 {[%clk 0:26:46]} f6 {[%clk 0:20:53]} 28. f4
{[%clk 0:24:12]} Kd7 {[%clk 0:19:18]} 29. Ke3 {[%clk 0:23:06]} Nc6
{[%clk 0:16:58]} 30. b4 {[%clk 0:22:17]} a6 {[%clk 0:15:07]} 31. Rc1
{[%clk 0:13:36]} Rc8 {[%clk 0:13:57]} 32. h4 {[%clk 0:12:56]} h5 {[%clk 0:13:00]}
33. g3 {[%clk 0:12:13]} Rb8 {[%clk 0:11:31]} 34. Rg1 {[%clk 0:11:11]} Ke7
{[%clk 0:11:41]} 35. Rb1 {[%clk 0:10:57]} Ra8 {[%clk 0:09:48]} 36. Rc1
{[%clk 0:08:18]} Kd6 {[%clk 0:10:01]} 37. Rd1 {[%clk 0:06:16]} Ke7
{[%clk 0:10:07]} 38. Rc1 {[%clk 0:03:56]} Kd6 {[%clk 0:10:33]} 39. Rb1
{[%clk 0:04:14]} Ke7 {[%clk 0:10:43]} 40. Rb2 {[%clk 0:33:34]} Kd6
{[%clk 0:40:08]} 41. Rb1 {[%clk 0:28:43]} Ke7 {[%clk 0:40:31]} 42. Rc1
{[%clk 0:29:08]} Kd6 {[%clk 0:40:57]} 43. Rd1 {[%clk 0:29:35]} Ke7
{[%clk 0:41:22]} 44. Rc1 {[%clk 0:30:00]} 1/2-1/2

[Event "World Chess Olympiad 2018"]
[Site "Batumi"]
[Date "2018.10.04"]
[Round "10"]
[Board "3"]
[WhiteFideId "8601445"]
[White "Bu Xiangzhi"]
[BlackFideId "1130420"]
[Black "Piorun Kacper"]
[Result "1/2-1/2"]
[LiveChessVersion "1.4.8"]
[BlackElo "2612"]
[WhiteElo "2712"]

1. Nf3 {[%clk 1:30:53]} d5 {[%clk 1:30:53]} 2. d4 {[%clk 1:31:02]} Nf6
{[%clk 1:31:13]} 3. c4 {[%clk 1:30:37]} e6 {[%clk 1:31:37]} 4. Bg5
{[%clk 1:28:38]} Bb4+ {[%clk 1:31:55]} 5. Nc3 {[%clk 1:29:03]} dxc4
{[%clk 1:32:05]} 6. e4 {[%clk 1:25:55]} c5 {[%clk 1:32:30]} 7. Bxc4
{[%clk 1:24:58]} cxd4 {[%clk 1:32:43]} 8. Nxd4 {[%clk 1:25:23]} Qa5
{[%clk 1:31:59]} 9. Bxf6 {[%clk 1:23:18]} Bxc3+ {[%clk 1:32:15]} 10. bxc3
{[%clk 1:23:45]} Qxc3+ {[%clk 1:31:46]} 11. Kf1 {[%clk 1:24:12]} gxf6
{[%clk 1:32:12]} 12. Rc1 {[%clk 1:24:24]} Qa5 {[%clk 1:32:37]} 13. Qg4
{[%clk 1:16:57]} Ke7 {[%clk 1:17:00]} 14. Qg7 {[%clk 1:12:20]} Rf8
{[%clk 1:13:16]} 15. h4 {[%clk 0:54:43]} Nc6 {[%clk 0:57:06]} 16. Nxc6+
{[%clk 0:50:43]} bxc6 {[%clk 0:57:35]} 17. Rh3 {[%clk 0:47:04]} Ba6
{[%clk 0:52:29]} 18. Rhc3 {[%clk 0:46:51]} Qh5 {[%clk 0:46:50]} 19. e5
{[%clk 0:40:25]} Bxc4+ {[%clk 0:42:01]} 20. Rxc4 {[%clk 0:40:20]} fxe5
{[%clk 0:41:03]} 21. Rxc6 {[%clk 0:40:30]} Rfc8 {[%clk 0:40:32]} 22. g4
{[%clk 0:37:35]} Qxh4 {[%clk 0:40:18]} 23. Kg2 {[%clk 0:35:39]} Rxc6
{[%clk 0:39:40]} 24. Rxc6 {[%clk 0:35:58]} Rd8 {[%clk 0:34:18]} 25. Rc7+
{[%clk 0:32:14]} Rd7 {[%clk 0:34:45]} 26. Rxd7+ {[%clk 0:32:09]} Kxd7
{[%clk 0:35:09]} 27. Qxf7+ {[%clk 0:32:34]} Qe7 {[%clk 0:34:25]} 28. Qf3
{[%clk 0:32:49]} Qb4 {[%clk 0:33:14]} 29. Qf7+ {[%clk 0:33:15]} Qe7
{[%clk 0:33:40]} 30. Qf3 {[%clk 0:33:38]} Qb4 {[%clk 0:34:06]} 31. Qf7+
{[%clk 0:34:02]} Qe7 {[%clk 0:34:32]} 1/2-1/2

[Event "World Chess Olympiad 2018"]
[Site "Batumi"]
[Date "2018.10.04"]
[Round "10"]
[Board "4"]
[WhiteFideId "1134167"]
[White "Dragun Kamil"]
[BlackFideId "8604436"]
[Black "Li Chao b"]
[Result "0-1"]
[LiveChessVersion "1.4.8"]
[BlackElo "2708"]
[WhiteElo "2568"]

1. d4 {[%clk 1:30:55]} d5 {[%clk 1:30:40]} 2. c4 {[%clk 1:31:14]} c6
{[%clk 1:31:00]} 3. cxd5 {[%clk 1:31:00]} cxd5 {[%clk 1:31:22]} 4. Bf4
{[%clk 1:31:18]} e6 {[%clk 1:31:31]} 5. Nc3 {[%clk 1:30:37]} Bd6 {[%clk 1:31:48]}
6. Bxd6 {[%clk 1:30:17]} Qxd6 {[%clk 1:32:11]} 7. e3 {[%clk 1:30:38]} Ne7
{[%clk 1:32:07]} 8. Bd3 {[%clk 1:29:14]} Nbc6 {[%clk 1:32:01]} 9. f4
{[%clk 1:27:25]} Bd7 {[%clk 1:29:17]} 10. Nf3 {[%clk 1:27:20]} f6
{[%clk 1:29:34]} 11. O-O {[%clk 1:26:22]} O-O {[%clk 1:29:54]} 12. Rc1
{[%clk 1:20:12]} Be8 {[%clk 1:26:17]} 13. Nh4 {[%clk 1:16:22]} Bf7
{[%clk 1:25:13]} 14. Qg4 {[%clk 1:04:41]} a6 {[%clk 1:14:15]} 15. Qh3
{[%clk 1:02:47]} h6 {[%clk 1:13:20]} 16. Rf3 {[%clk 0:54:33]} e5 {[%clk 0:50:15]}
17. Rg3 {[%clk 0:44:12]} Be6 {[%clk 0:50:09]} 18. f5 {[%clk 0:39:09]} Bd7
{[%clk 0:48:49]} 19. Qg4 {[%clk 0:32:43]} g5 {[%clk 0:48:32]} 20. Qh5
{[%clk 0:22:28]} Kg7 {[%clk 0:47:56]} 21. Ng6 {[%clk 0:17:52]} Be8
{[%clk 0:45:38]} 22. h4 {[%clk 0:17:51]} Bxg6 {[%clk 0:41:02]} 23. fxg6
{[%clk 0:18:19]} e4 {[%clk 0:40:43]} 24. hxg5 {[%clk 0:17:51]} fxg5
{[%clk 0:41:00]} 25. Rh3 {[%clk 0:18:11]} Ng8 {[%clk 0:34:47]} 26. Bc2
{[%clk 0:17:49]} Nce7 {[%clk 0:34:16]} 27. Bb3 {[%clk 0:15:31]} Rac8
{[%clk 0:33:26]} 28. Rc2 {[%clk 0:14:12]} b5 {[%clk 0:32:52]} 29. a3
{[%clk 0:14:34]} Qd7 {[%clk 0:30:13]} 30. Qe2 {[%clk 0:12:46]} Nf6
{[%clk 0:29:50]} 31. a4 {[%clk 0:12:03]} b4 {[%clk 0:28:00]} 32. Nd1
{[%clk 0:12:24]} Rxc2 {[%clk 0:24:41]} 33. Bxc2 {[%clk 0:12:52]} a5
{[%clk 0:24:28]} 34. Qa6 {[%clk 0:13:03]} Qc7 {[%clk 0:23:24]} 35. Bb3
{[%clk 0:12:54]} g4 {[%clk 0:23:04]} 36. Rh1 {[%clk 0:13:20]} Nf5
{[%clk 0:20:50]} 37. Qe6 {[%clk 0:13:13]} Ng3 {[%clk 0:19:53]} 38. Rh4
{[%clk 0:13:27]} Ne2+ {[%clk 0:18:58]} 39. Kf2 {[%clk 0:12:32]} Nc1
{[%clk 0:18:37]} 0-1

[Event "World Chess Olympiad 2018"]
[Site "Batumi"]
[Date "2018.10.04"]
[Round "10"]
[Board "1"]
[WhiteFideId "13300474"]
[White "Aronian Levon"]
[BlackFideId "2020009"]
[Black "Caruana Fabiano"]
[Result "1/2-1/2"]
[LiveChessVersion "1.4.8"]
[BlackElo "2827"]
[WhiteElo "2780"]

1. e4 {[%clk 1:30:57]} e5 {[%clk 1:30:57]} 2. Nf3 {[%clk 1:31:22]} Nf6
{[%clk 1:31:23]} 3. Nxe5 {[%clk 1:31:47]} d6 {[%clk 1:31:49]} 4. Nf3
{[%clk 1:32:12]} Nxe4 {[%clk 1:32:15]} 5. Nc3 {[%clk 1:32:37]} Nxc3
{[%clk 1:32:40]} 6. dxc3 {[%clk 1:33:02]} Be7 {[%clk 1:32:59]} 7. Be3
{[%clk 1:33:27]} O-O {[%clk 1:33:15]} 8. Qd2 {[%clk 1:33:34]} Nd7
{[%clk 1:33:38]} 9. O-O-O {[%clk 1:33:28]} c6 {[%clk 1:34:01]} 10. h4
{[%clk 1:33:13]} d5 {[%clk 1:34:14]} 11. Kb1 {[%clk 1:32:24]} Re8
{[%clk 1:34:21]} 12. Bd3 {[%clk 1:29:22]} Bc5 {[%clk 1:34:14]} 13. Rde1
{[%clk 1:27:05]} Bxe3 {[%clk 1:31:42]} 14. Rxe3 {[%clk 1:27:31]} Rxe3
{[%clk 1:28:19]} 15. Qxe3 {[%clk 1:27:51]} Nf6 {[%clk 1:28:30]} 16. Re1
{[%clk 1:22:54]} Qd6 {[%clk 1:19:51]} 17. Qe8+ {[%clk 1:05:02]} Qf8
{[%clk 1:17:35]} 18. Qxf8+ {[%clk 1:02:26]} Kxf8 {[%clk 1:17:55]} 19. Kc1
{[%clk 1:02:49]} Bd7 {[%clk 1:11:55]} 20. c4 {[%clk 1:01:52]} dxc4
{[%clk 1:12:05]} 21. Bxc4 {[%clk 1:02:18]} Re8 {[%clk 1:12:20]} 22. Rxe8+
{[%clk 1:01:58]} Bxe8 {[%clk 1:12:42]} 23. Kd2 {[%clk 1:01:43]} Ke7
{[%clk 1:12:58]} 24. Ne5 {[%clk 1:01:20]} Nd7 {[%clk 1:12:39]} 25. Nf3
{[%clk 1:01:34]} Nf6 {[%clk 1:12:58]} 26. Ne5 {[%clk 1:02:00]} Nd7
{[%clk 1:13:26]} 27. Nf3 {[%clk 1:02:25]} Nf6 {[%clk 1:13:53]} 28. Ne5 1/2-1/2

[Event "World Chess Olympiad 2018"]
[Site "Batumi"]
[Date "2018.10.04"]
[Round "10"]
[Board "2"]
[WhiteFideId "5202213"]
[White "So Wesley"]
[BlackFideId "13300881"]
[Black "Sargissian Gabriel"]
[Result "1/2-1/2"]
[LiveChessVersion "1.4.8"]
[BlackElo "2691"]
[WhiteElo "2776"]

1. e4 {[%clk 1:30:56]} e5 {[%clk 1:30:55]} 2. Nf3 {[%clk 1:31:16]} Nc6
{[%clk 1:31:18]} 3. d4 {[%clk 1:31:40]} exd4 {[%clk 1:31:41]} 4. Nxd4
{[%clk 1:32:06]} Nf6 {[%clk 1:31:57]} 5. Nxc6 {[%clk 1:29:57]} bxc6
{[%clk 1:32:18]} 6. e5 {[%clk 1:30:25]} Qe7 {[%clk 1:32:29]} 7. Qe2
{[%clk 1:30:52]} Nd5 {[%clk 1:32:27]} 8. Nd2 {[%clk 1:31:19]} Rb8
{[%clk 1:20:24]} 9. c4 {[%clk 1:30:35]} Nb4 {[%clk 1:19:54]} 10. Nf3
{[%clk 1:30:49]} c5 {[%clk 1:19:30]} 11. g3 {[%clk 1:25:45]} Bb7 {[%clk 1:18:00]}
12. Bg2 {[%clk 1:24:35]} Qe6 {[%clk 1:09:52]} 13. O-O {[%clk 1:18:10]} Be7
{[%clk 1:07:59]} 14. b3 {[%clk 1:01:05]} O-O {[%clk 1:06:29]} 15. Bb2
{[%clk 0:58:23]} d5 {[%clk 1:02:50]} 16. cxd5 {[%clk 0:52:17]} Bxd5
{[%clk 0:53:55]} 17. Rfd1 {[%clk 0:45:15]} Rfd8 {[%clk 0:47:59]} 18. Bc3
{[%clk 0:42:54]} a5 {[%clk 0:41:56]} 19. Ne1 {[%clk 0:29:04]} a4 {[%clk 0:34:53]}
20. Bxb4 {[%clk 0:24:44]} cxb4 {[%clk 0:33:03]} 21. Bxd5 {[%clk 0:21:14]} Rxd5
{[%clk 0:32:22]} 22. Rxd5 {[%clk 0:21:41]} Qxd5 {[%clk 0:32:45]} 23. Rd1
{[%clk 0:22:06]} Qe6 {[%clk 0:28:41]} 24. Nf3 {[%clk 0:21:18]} axb3
{[%clk 0:26:14]} 25. Nd4 {[%clk 0:21:45]} Qg6 {[%clk 0:24:53]} 26. axb3
{[%clk 0:21:22]} Rd8 {[%clk 0:23:50]} 27. Nf3 {[%clk 0:15:05]} Rxd1+
{[%clk 0:23:57]} 28. Qxd1 {[%clk 0:15:34]} Qe4 {[%clk 0:23:19]} 29. Qd7
{[%clk 0:07:53]} Qxf3 {[%clk 0:22:52]} 30. Qxe7 {[%clk 0:08:21]} Qd1+
{[%clk 0:21:46]} 31. Kg2 {[%clk 0:08:41]} 1/2-1/2

[Event "World Chess Olympiad 2018"]
[Site "Batumi"]
[Date "2018.10.04"]
[Round "10"]
[Board "3"]
[WhiteFideId "13302485"]
[White "Melkumyan Hrant"]
[BlackFideId "2004887"]
[Black "Shankland Samuel"]
[Result "0-1"]
[LiveChessVersion "1.4.8"]
[BlackElo "2722"]
[WhiteElo "2660"]

1. d4 {[%clk 1:30:56]} d5 {[%clk 1:30:53]} 2. Nf3 {[%clk 1:30:56]} Nf6
{[%clk 1:31:18]} 3. c4 {[%clk 1:31:18]} e6 {[%clk 1:31:42]} 4. Nc3
{[%clk 1:31:35]} c6 {[%clk 1:32:09]} 5. Bg5 {[%clk 1:31:41]} dxc4
{[%clk 1:32:35]} 6. e4 {[%clk 1:31:43]} b5 {[%clk 1:33:02]} 7. e5
{[%clk 1:32:06]} h6 {[%clk 1:33:28]} 8. Bh4 {[%clk 1:32:29]} g5 {[%clk 1:33:55]}
9. Nxg5 {[%clk 1:32:47]} hxg5 {[%clk 1:34:21]} 10. Bxg5 {[%clk 1:33:07]} Be7
{[%clk 1:34:00]} 11. exf6 {[%clk 1:33:21]} Bxf6 {[%clk 1:34:27]} 12. Bxf6
{[%clk 1:33:41]} Qxf6 {[%clk 1:34:53]} 13. g3 {[%clk 1:33:58]} Bb7
{[%clk 1:35:13]} 14. Bg2 {[%clk 1:34:19]} Na6 {[%clk 1:35:32]} 15. Ne4
{[%clk 1:32:44]} Qe7 {[%clk 1:35:59]} 16. O-O {[%clk 1:33:05]} O-O-O
{[%clk 1:36:23]} 17. h4 {[%clk 1:32:22]} c5 {[%clk 1:36:41]} 18. a4
{[%clk 1:31:57]} Rxd4 {[%clk 1:37:03]} 19. Qe2 {[%clk 1:32:21]} b4
{[%clk 1:37:24]} 20. Rac1 {[%clk 1:29:54]} Bd5 {[%clk 1:25:48]} 21. Rfd1
{[%clk 1:28:59]} Rxd1+ {[%clk 1:16:47]} 22. Rxd1 {[%clk 1:29:08]} Rd8
{[%clk 1:15:53]} 23. Rc1 {[%clk 1:23:08]} Nb8 {[%clk 1:05:41]} 24. Qe3
{[%clk 0:54:07]} Nc6 {[%clk 1:01:00]} 25. Nxc5 {[%clk 0:49:41]} Qf6
{[%clk 0:56:58]} 26. b3 {[%clk 0:41:57]} c3 {[%clk 0:41:52]} 27. Qe2
{[%clk 0:37:54]} Qd4 {[%clk 0:41:43]} 28. Qb5 {[%clk 0:24:03]} Kc7
{[%clk 0:41:53]} 29. Na6+ {[%clk 0:02:24]} Kd6 {[%clk 0:41:00]} 30. Bxd5
{[%clk 0:02:52]} exd5 {[%clk 0:38:24]} 31. a5 {[%clk 0:03:02]} Re8
{[%clk 0:36:08]} 32. Qb7 {[%clk 0:01:38]} Re7 {[%clk 0:36:27]} 33. Qc8
{[%clk 0:01:54]} Qd2 {[%clk 0:35:31]} 34. Nb8 {[%clk 0:00:34]} Qxc1+
{[%clk 0:35:56]} 35. Kg2 {[%clk 0:00:58]} Nxb8 {[%clk 0:36:12]} 36. Qxb8+
{[%clk 0:01:19]} Kc5 {[%clk 0:35:44]} 37. Qc8+ {[%clk 0:00:36]} Kd4
{[%clk 0:36:09]} 0-1

[Event "World Chess Olympiad 2018"]
[Site "Batumi"]
[Date "2018.10.04"]
[Round "10"]
[Board "4"]
[WhiteFideId "2023970"]
[White "Robson Ray"]
[BlackFideId "13302507"]
[Black "Hovhannisyan Robert"]
[Result "1/2-1/2"]
[LiveChessVersion "1.4.8"]
[BlackElo "2621"]
[WhiteElo "2682"]

1. e4 {[%clk 1:30:56]} e5 {[%clk 1:30:53]} 2. Nf3 {[%clk 1:31:11]} Nc6
{[%clk 1:31:17]} 3. Bb5 {[%clk 1:31:25]} Nf6 {[%clk 1:31:36]} 4. d3
{[%clk 1:31:30]} Bc5 {[%clk 1:31:59]} 5. Bxc6 {[%clk 1:31:34]} dxc6
{[%clk 1:32:20]} 6. O-O {[%clk 1:31:42]} Qe7 {[%clk 1:27:06]} 7. Nbd2
{[%clk 1:31:30]} Bg4 {[%clk 1:26:36]} 8. Nc4 {[%clk 1:27:51]} Nd7
{[%clk 1:25:35]} 9. h3 {[%clk 1:27:53]} Bh5 {[%clk 1:24:48]} 10. Bd2
{[%clk 1:27:40]} b6 {[%clk 1:19:51]} 11. a3 {[%clk 1:22:45]} f6 {[%clk 1:16:56]}
12. b4 {[%clk 1:20:29]} Bd6 {[%clk 1:15:44]} 13. Ne3 {[%clk 1:19:12]} Nf8
{[%clk 1:12:39]} 14. Nf5 {[%clk 1:00:47]} Qd7 {[%clk 1:12:07]} 15. Ng3
{[%clk 0:57:36]} Bf7 {[%clk 1:08:53]} 16. c3 {[%clk 0:48:06]} Ne6
{[%clk 1:05:10]} 17. Be3 {[%clk 0:46:19]} a5 {[%clk 0:59:03]} 18. Qc2
{[%clk 0:42:04]} O-O {[%clk 0:57:27]} 19. Rad1 {[%clk 0:40:14]} axb4
{[%clk 0:52:43]} 20. axb4 {[%clk 0:40:31]} Rfd8 {[%clk 0:42:09]} 21. Rd2
{[%clk 0:28:28]} Bf8 {[%clk 0:38:11]} 22. Rb1 {[%clk 0:26:49]} c5
{[%clk 0:34:50]} 23. bxc5 {[%clk 0:18:44]} bxc5 {[%clk 0:35:15]} 24. d4
{[%clk 0:17:09]} cxd4 {[%clk 0:34:17]} 25. cxd4 {[%clk 0:17:33]} exd4
{[%clk 0:34:07]} 26. Nxd4 {[%clk 0:15:43]} Nxd4 {[%clk 0:24:08]} 27. Rxd4
{[%clk 0:15:43]} Qc8 {[%clk 0:24:20]} 28. Rxd8 {[%clk 0:15:03]} Qxd8
{[%clk 0:24:45]} 29. Bc5 {[%clk 0:13:48]} Bxc5 {[%clk 0:08:13]} 30. Qxc5
{[%clk 0:14:12]} Rb8 {[%clk 0:08:31]} 31. Rc1 {[%clk 0:12:40]} Rb7
{[%clk 0:08:16]} 32. Nf5 {[%clk 0:12:12]} Kh8 {[%clk 0:07:04]} 33. e5
{[%clk 0:09:13]} Bg8 {[%clk 0:05:47]} 34. Ne7 {[%clk 0:07:57]} fxe5
{[%clk 0:05:22]} 35. Qxe5 {[%clk 0:07:41]} Qd6 {[%clk 0:04:54]} 36. Qxd6
{[%clk 0:02:08]} cxd6 {[%clk 0:05:22]} 37. Nf5 {[%clk 0:02:21]} d5
{[%clk 0:04:59]} 38. Rc8 {[%clk 0:01:34]} h6 {[%clk 0:04:40]} 39. Rd8
{[%clk 0:01:17]} Kh7 {[%clk 0:04:37]} 40. Ne3 {[%clk 0:31:06]} Rb1+
{[%clk 0:32:07]} 41. Kh2 {[%clk 0:30:32]} Rb2 {[%clk 0:31:53]} 42. Nxd5
{[%clk 0:28:27]} Bxd5 {[%clk 0:32:04]} 43. Rxd5 {[%clk 0:28:52]} Rxf2
{[%clk 0:32:29]} 1/2-1/2

[Event "World Chess Olympiad 2018"]
[Site "Batumi"]
[Date "2018.10.04"]
[Round "10"]
[Board "1"]
[WhiteFideId "14109603"]
[White "Karjakin Sergey"]
[BlackFideId "400041"]
[Black "Adams Michael"]
[Result "1/2-1/2"]
[LiveChessVersion "1.4.8"]
[BlackElo "2712"]
[WhiteElo "2760"]

1. e4 {[%clk 1:30:58]} e5 {[%clk 1:30:55]} 2. Nf3 {[%clk 1:31:25]} Nc6
{[%clk 1:31:20]} 3. Bb5 {[%clk 1:31:50]} Nf6 {[%clk 1:31:46]} 4. O-O
{[%clk 1:32:01]} Nxe4 {[%clk 1:32:11]} 5. d4 {[%clk 1:32:27]} Nd6
{[%clk 1:32:35]} 6. Bxc6 {[%clk 1:32:53]} dxc6 {[%clk 1:33:00]} 7. dxe5
{[%clk 1:33:20]} Nf5 {[%clk 1:33:24]} 8. Qxd8+ {[%clk 1:33:46]} Kxd8
{[%clk 1:33:50]} 9. h3 {[%clk 1:34:09]} Be7 {[%clk 1:33:38]} 10. Nc3
{[%clk 1:34:19]} Nh4 {[%clk 1:33:32]} 11. Nxh4 {[%clk 1:34:40]} Bxh4
{[%clk 1:33:56]} 12. Be3 {[%clk 1:34:56]} h5 {[%clk 1:31:25]} 13. Rad1+
{[%clk 1:33:32]} Ke8 {[%clk 1:31:16]} 14. Ne2 {[%clk 1:33:56]} Be7
{[%clk 1:13:32]} 15. f4 {[%clk 1:34:11]} g6 {[%clk 0:58:24]} 16. Nd4
{[%clk 1:33:20]} Bd7 {[%clk 0:47:58]} 17. f5 {[%clk 1:27:34]} Bxf5
{[%clk 0:40:38]} 18. Nxf5 {[%clk 1:27:50]} gxf5 {[%clk 0:41:04]} 19. Rxf5
{[%clk 1:28:10]} h4 {[%clk 0:41:26]} 20. Kf2 {[%clk 1:18:04]} a5 {[%clk 0:41:17]}
21. Kf3 {[%clk 1:08:52]} a4 {[%clk 0:41:07]} 22. Rd4 {[%clk 1:07:55]} Rh7
{[%clk 0:35:08]} 23. Rff4 {[%clk 1:01:32]} a3 {[%clk 0:33:12]} 24. b3
{[%clk 1:01:51]} Ra5 {[%clk 0:32:31]} 25. Rg4 {[%clk 0:56:53]} Rd5
{[%clk 0:30:50]} 26. Ke4 {[%clk 0:27:47]} Rxd4+ {[%clk 0:26:35]} 27. Kxd4
{[%clk 0:26:25]} Kd7 {[%clk 0:26:14]} 28. Rg8 {[%clk 0:25:25]} Ke6
{[%clk 0:24:34]} 29. Ke4 {[%clk 0:25:16]} Rh5 {[%clk 0:15:49]} 30. Bf4
{[%clk 0:24:40]} b6 {[%clk 0:15:35]} 31. c3 {[%clk 0:22:58]} Rh7 {[%clk 0:15:42]}
32. Rc8 {[%clk 0:19:16]} Kd7 {[%clk 0:14:56]} 33. Ra8 {[%clk 0:19:43]} Rg7
{[%clk 0:14:21]} 34. Kf3 {[%clk 0:19:58]} Bg5 {[%clk 0:12:18]} 35. Bh2
{[%clk 0:13:04]} Bd2 {[%clk 0:11:47]} 36. Rxa3 {[%clk 0:10:24]} Bxc3
{[%clk 0:11:19]} 37. Ra4 {[%clk 0:10:12]} Rh7 {[%clk 0:10:35]} 38. Rc4
{[%clk 0:09:50]} Bb2 {[%clk 0:10:40]} 39. Bf4 {[%clk 0:09:23]} c5
{[%clk 0:10:01]} 40. Re4 {[%clk 0:38:43]} Ke6 {[%clk 0:35:03]} 41. Bg5
{[%clk 0:38:31]} Bxe5 {[%clk 0:34:21]} 42. Rxh4 {[%clk 0:38:04]} Rg7
{[%clk 0:33:58]} 43. Bf4 {[%clk 0:36:00]} Bxf4 {[%clk 0:32:23]} 44. Rxf4
{[%clk 0:36:24]} f5 {[%clk 0:32:17]} 45. g4 {[%clk 0:35:49]} fxg4+
{[%clk 0:31:56]} 46. hxg4 {[%clk 0:35:53]} c6 {[%clk 0:28:34]} 47. Kg3
{[%clk 0:27:26]} b5 {[%clk 0:25:52]} 48. Rf5 {[%clk 0:27:07]} c4 {[%clk 0:24:39]}
49. bxc4 {[%clk 0:27:23]} bxc4 {[%clk 0:25:02]} 50. Rc5 {[%clk 0:27:46]} Ra7
{[%clk 0:24:51]} 51. Rxc4 {[%clk 0:28:09]} Rxa2 {[%clk 0:25:12]} 52. Rxc6+
{[%clk 0:28:35]} Kf7 {[%clk 0:25:37]} 53. Kh4 {[%clk 0:29:01]} Ra5
{[%clk 0:25:18]} 54. Rc7+ {[%clk 0:29:12]} 1/2-1/2

[Event "World Chess Olympiad 2018"]
[Site "Batumi"]
[Date "2018.10.04"]
[Round "10"]
[Board "2"]
[WhiteFideId "404853"]
[White "McShane Luke J"]
[BlackFideId "4168119"]
[Black "Nepomniachtchi Ian"]
[Result "1/2-1/2"]
[LiveChessVersion "1.4.8"]
[BlackElo "2768"]
[WhiteElo "2672"]

1. e4 {[%clk 1:30:56]} c5 {[%clk 1:30:54]} 2. Nf3 {[%clk 1:31:20]} d6
{[%clk 1:31:19]} 3. Bb5+ {[%clk 1:31:46]} Nd7 {[%clk 1:31:35]} 4. O-O
{[%clk 1:32:05]} a6 {[%clk 1:31:57]} 5. Bd3 {[%clk 1:32:29]} Ngf6
{[%clk 1:32:08]} 6. c3 {[%clk 1:32:50]} b5 {[%clk 1:30:20]} 7. a4
{[%clk 1:33:06]} b4 {[%clk 1:28:49]} 8. Bc2 {[%clk 1:33:07]} Bb7 {[%clk 1:28:56]}
9. Re1 {[%clk 1:32:39]} Qc7 {[%clk 1:28:44]} 10. d3 {[%clk 1:30:12]} e6
{[%clk 1:16:53]} 11. a5 {[%clk 1:28:54]} bxc3 {[%clk 1:15:40]} 12. bxc3
{[%clk 1:29:18]} Be7 {[%clk 1:16:06]} 13. h3 {[%clk 1:29:02]} O-O
{[%clk 1:15:28]} 14. Bf4 {[%clk 1:29:20]} Bc6 {[%clk 1:06:42]} 15. Nbd2
{[%clk 1:28:51]} Bb5 {[%clk 1:06:13]} 16. Nf1 {[%clk 1:13:59]} Rfd8
{[%clk 1:05:40]} 17. Ne3 {[%clk 1:12:45]} Ne5 {[%clk 1:03:10]} 18. Bg3
{[%clk 1:00:48]} Nfd7 {[%clk 0:57:45]} 19. Nh2 {[%clk 0:56:46]} Ng6
{[%clk 0:55:13]} 20. f4 {[%clk 0:51:49]} Ngf8 {[%clk 0:49:27]} 21. Nf3
{[%clk 0:49:33]} Rac8 {[%clk 0:42:10]} 22. Kh1 {[%clk 0:45:06]} Qb7
{[%clk 0:41:12]} 23. Qd2 {[%clk 0:36:20]} Nf6 {[%clk 0:39:42]} 24. Nd1
{[%clk 0:25:53]} Bc6 {[%clk 0:38:04]} 25. c4 {[%clk 0:17:16]} d5 {[%clk 0:37:12]}
26. Qe3 {[%clk 0:14:20]} dxc4 {[%clk 0:34:47]} 27. dxc4 {[%clk 0:14:39]} Qb4
{[%clk 0:34:32]} 28. Ne5 {[%clk 0:11:48]} Ba8 {[%clk 0:34:45]} 29. Re2
{[%clk 0:11:32]} Ng6 30. Be1 {[%clk 0:11:02]} Qb8 {[%clk 0:30:00]} 31. Bc3
{[%clk 0:10:05]} Nh5 {[%clk 0:29:23]} 32. g3 {[%clk 0:08:27]} Bf6
{[%clk 0:27:46]} 33. Rb1 {[%clk 0:05:16]} Qc7 {[%clk 0:17:02]} 34. Qf3
{[%clk 0:04:28]} Nxe5 {[%clk 0:16:42]} 35. fxe5 {[%clk 0:03:14]} Bxe5
{[%clk 0:16:51]} 36. Qxh5 {[%clk 0:03:36]} Rxd1+ {[%clk 0:15:50]} 37. Rxd1
{[%clk 0:04:03]} Bxc3 {[%clk 0:16:14]} 38. Kh2 {[%clk 0:04:12]} g6
{[%clk 0:14:47]} 39. Qg5 {[%clk 0:04:08]} Bd4 {[%clk 0:14:15]} 40. h4
{[%clk 0:33:29]} Bc6 {[%clk 0:32:07]} 41. h5 {[%clk 0:26:59]} Rb8
{[%clk 0:25:27]} 42. h6 {[%clk 0:17:19]} f6 {[%clk 0:25:49]} 43. Qh4
{[%clk 0:14:07]} Be5 {[%clk 0:19:37]} 44. Rf2 {[%clk 0:07:15]} Rf8
{[%clk 0:18:32]} 45. Qg4 {[%clk 0:06:19]} Kf7 {[%clk 0:18:18]} 46. Rfd2
{[%clk 0:05:31]} Ke7 {[%clk 0:18:41]} 47. Bd3 {[%clk 0:05:26]} Rd8
{[%clk 0:18:12]} 48. Ra2 {[%clk 0:02:07]} Rd4 {[%clk 0:15:35]} 49. Bc2
{[%clk 0:02:34]} Qd8 {[%clk 0:15:34]} 50. Rxd4 {[%clk 0:02:26]} Qxd4
{[%clk 0:15:59]} 51. Qe2 {[%clk 0:02:51]} f5 {[%clk 0:08:55]} 52. Ra3
{[%clk 0:03:15]} f4 {[%clk 0:07:52]} 53. gxf4 {[%clk 0:02:00]} Bxf4+
{[%clk 0:08:17]} 54. Kg2 {[%clk 0:02:29]} Qe5 {[%clk 0:08:35]} 55. Rb3
{[%clk 0:02:31]} Qg5+ {[%clk 0:08:20]} 56. Kf1 {[%clk 0:02:28]} Qxh6
{[%clk 0:07:26]} 57. Rb6 {[%clk 0:01:22]} Qh1+ {[%clk 0:04:02]} 58. Kf2
{[%clk 0:01:51]} Qh4+ {[%clk 0:04:03]} 59. Kf1 {[%clk 0:01:28]} Qh1+
{[%clk 0:03:34]} 60. Kf2 {[%clk 0:01:55]} Qh2+ {[%clk 0:01:17]} 61. Kf1
{[%clk 0:02:21]} Qh1+ {[%clk 0:00:58]} 62. Kf2 1/2-1/2